Electrode kinetics: for chemists, chemical engineers and materials scientists

Guardado en:
Detalles Bibliográficos
Autor principal: Gileadi, Eliezer (Autor)
Formato: Libro
Lenguaje:inglés
Publicado: Nueva York VCH 1993
Materias:
Etiquetas: Agregar Etiqueta
Sin Etiquetas, Sea el primero en etiquetar este registro!

MARC

LEADER 00000nam a2200000 a 4500
001 UCY8378
003 CL-VaPUC
008 950703e19930000US |||||||||||||||||eng|d
082 0 4 |a 541.372  |b GIL  |2 21 
100 |a Gileadi, Eliezer  |e author  |9 489763 
245 1 0 |a Electrode kinetics: for chemists, chemical engineers and materials scientists 
300 |a 597 p 
942 |c BK 
945 |d 19950703 00:00:00  |a awong 
260 |a Nueva York  |b VCH  |c 1993 
650 7 |a ELECTRODOS  |2 CL-VaPUC  |9 306983 
650 0 |a Electroquímica  |9 263973 
583 |a last modification  |c 20130123 12:35:29  |k Rodrigo Vera 
999 |c 235639  |d 235637 
952 |0 0  |1 0  |4 0  |6 541_372000000000000_GIL_1993  |7 0  |8 A  |9 243186  |a BIBCUR  |b BIBCUR  |d 2019-11-18  |i 3093778  |o 541.372 GIL 1993  |p 3093778  |r 2025-04-22  |w 2019-11-18  |y BK  |k QUI 
952 |0 0  |1 0  |4 0  |6 541_372000000000000_GIL_1993  |7 0  |8 A  |9 243187  |a BIBCUR  |b BIBCUR  |d 2019-11-18  |i 322032K  |o 541.372 GIL 1993  |p 322032K  |r 2025-04-22  |w 2019-11-18  |y BK  |k BCB